000 00424nam a2200145Ia 4500
005 20250323153019.0
008 240331s9999 xx 000 0 und d
082 _bPUD
_a894
245 0 _aPudumaippithan ilakkiatthadam
260 _aBangalore
_bKaavya
_c1995
300 _a269 p.,
500 _aA Collection of Introductory, appreciative and Critical essays on Pudumaippithan
700 _aKrishnaswami, P.
_eedt
942 _cL
999 _c4082
_d4082